|
|
|
|
| LEADER |
01392nam a2200301 u 4500 |
| 001 |
10116062 |
| 003 |
GR-PaULI |
| 005 |
20190703125707.0 |
| 008 |
150511r20102000e eng |
| 952 |
|
|
|0 0
|1 0
|2 ddc
|4 0
|6 Π_Σ_809_000000000000000_ALL
|7 0
|9 233522
|a LISP
|b LISP
|c REF
|d 2019-07-03
|i 12656
|l 0
|o Π/Σ 809 ALL
|p 025000263933
|r 2019-07-03 00:00:00
|t 1
|w 2019-07-03
|y BKN
|
| 952 |
|
|
|0 0
|1 0
|2 ddc
|4 0
|6 Π_Σ_809_000000000000000_ALL
|7 0
|9 233579
|a LISP
|b LISP
|c REF
|d 2019-07-04
|i 12712
|l 1
|o Π/Σ 809 ALL
|p 025000263917
|r 2022-08-01 00:00:00
|s 2022-07-21
|t 2
|w 2019-07-04
|y BK15
|
| 999 |
|
|
|c 141704
|d 141704
|
| 020 |
|
|
|a 0415174759 (χαρτόδετο)
|
| 020 |
|
|
|a 0415174740 (σκληρό εξώφυλλο)
|
| 020 |
|
|
|a 9780415174749 (σκληρό εξώφυλλο)
|
| 020 |
|
|
|a 9780415174756 (χαρτόδετο)
|
| 040 |
|
|
|a GR-PaULI
|c GR-PaULI
|b gre
|e AACR2
|
| 082 |
0 |
4 |
|a 809
|2 23
|
| 100 |
1 |
|
|a Allen, Graham,
|d 1963-
|4
|9 143915
|e συγγραφέας.
|
| 245 |
1 |
0 |
|a Intertextuality /
|c Graham Allen.
|
| 260 |
|
|
|a London :
|b Routledge,
|c 2000 [reprint 2010].
|
| 300 |
|
|
|a viii, 238 σ. ;
|c 21 εκ.
|
| 490 |
1 |
|
|a The new critical idiom
|
| 504 |
|
|
|a Περιλαμβάνει βιβλιογραφικές παραπομπές και ευρετήριο.
|
| 650 |
|
4 |
|a Διακειμενικότητα
|9 102734
|
| 830 |
|
0 |
|a The new critical idiom
|9 156429
|
| 942 |
|
|
|2 ddc
|c BKN
|
| 998 |
|
|
|c ΜΠΟΥΡΑΣ
|d 2019-07
|